Дизайн новогодней витрины "Игра в снежки"; Современные техника и технологии; Т. 3

গ্রন্থ-পঞ্জীর বিবরন
Parent link:Современные техника и технологии: сборник трудов XVIII международной научно-практической конференции студентов, аспирантов и молодых ученых, Томск, 9-13 апреля 2012 г/ Национальный исследовательский Томский политехнический университет (ТПУ).— , 2012
Т. 3.— 2012.— [С. 269-270]
প্রধান লেখক: Евсютина Е. С.
সংস্থা লেখক: Национальный исследовательский Томский политехнический университет (ТПУ)
অন্যান্য লেখক: Кухта М. С. Мария Сергеевна (научный руководитель)
সংক্ষিপ্ত:Заглавие с титульного листа
ভাষা:রুশ
প্রকাশিত: 2012
মালা:Секция 11: Дизайн и технология художественной обработки материалов
বিষয়গুলি:
অনলাইন ব্যবহার করুন:http://www.lib.tpu.ru/fulltext/v/Conferences/2012/C2/V3/v3_130.pdf
বিন্যাস: বৈদ্যুতিক গ্রন্থের অধ্যায়
KOHA link:https://koha.lib.tpu.ru/cgi-bin/koha/opac-detail.pl?biblionumber=226299

MARC

LEADER 00000nla2a2200000 4500
001 226299
005 20231031201134.0
035 |a (RuTPU)RU\TPU\book\246671 
035 |a RU\TPU\book\246662 
090 |a 226299 
100 |a 20121121d2012 k y0rusy50 ca 
101 0 |a rus 
102 |a RU 
105 |a y z 101zy 
135 |a drcn ---uucaa 
181 0 |a i  
182 0 |a b 
200 1 |a Дизайн новогодней витрины "Игра в снежки"  |b Электронный ресурс  |f Е. С. Евсютина  |g Национальный исследовательский Томский политехнический университет (ТПУ) ; науч. рук. М. С. Кухта 
203 |a Текст  |c электронный 
215 |a 1 файл (777 Kb) 
225 1 |a Секция 11: Дизайн и технология художественной обработки материалов 
230 |a Электронные текстовые данные (1 файл : 777 Kb) 
300 |a Заглавие с титульного листа 
320 |a [Библиогр.: с. 270 (5 назв.)] 
337 |a Adobe Reader 
461 1 |0 (RuTPU)RU\TPU\book\240890  |t Современные техника и технологии  |o сборник трудов XVIII международной научно-практической конференции студентов, аспирантов и молодых ученых, Томск, 9-13 апреля 2012 г  |o в 3 т.  |f Национальный исследовательский Томский политехнический университет (ТПУ)  |d 2012 
463 1 |0 (RuTPU)RU\TPU\book\245545  |t Т. 3  |v [С. 269-270]  |d 2012  |p 447 с. 
610 1 |a электронный ресурс 
610 1 |a труды учёных ТПУ 
610 1 |a дизайн 
610 1 |a новогодние витрины 
610 1 |a украшения 
700 1 |a Евсютина  |b Е. С. 
702 1 |a Кухта  |b М. С.  |c российский ученый, специалист в области философии науки и техники  |c профессор Томского политехнического университета, доктор философских наук  |f 1963-  |g Мария Сергеевна  |2 stltpush  |4 727 
712 0 2 |a Национальный исследовательский Томский политехнический университет (ТПУ)  |c (2009- )  |2 stltpush  |3 (RuTPU)RU\TPU\col\15902 
801 2 |a RU  |b 63413507  |c 20130924  |g RCR 
856 4 |u http://www.lib.tpu.ru/fulltext/v/Conferences/2012/C2/V3/v3_130.pdf 
942 |c CF